| 000 | 00672nam a2200229 a 4500 | ||
|---|---|---|---|
| 001 | 56768 | ||
| 003 | BD-RjUL | ||
| 005 | 20211209080430.0 | ||
| 008 | 161204s1968 enk||||| |||| 001 0 eng d | ||
| 035 | _a(BD-RjUL)56892 | ||
| 040 |
_aBD-RjUL _beng _cBD-RjUL |
||
| 041 | _aeng | ||
| 082 |
_223 _a192 _bAYC 1968 |
||
| 100 | 1 | 0 |
_a Ayer, A. J. _9168812 |
| 245 | 4 | 1 |
_aThe concept of a person and other essays / _c A .J. Ayer |
| 260 |
_aLondon : _bMacmillan & co., _c1968. |
||
| 300 |
_avii, 272 p. ; _c21 cm. |
||
| 500 | _aIncludes index | ||
| 600 |
_aAyer, A. J. -- (Alfred Jules) _d1910-1989 _x Philosophy _9168813 |
||
| 650 |
_a Philosophy _9168814 |
||
| 942 |
_2ddc _cBK |
||
| 999 |
_c56768 _d56768 |
||